<?xml version="1.0" encoding="UTF-8"?>
<record
    xmlns:xsi="http://www.w3.org/2001/XMLSchema-instance"
    xsi:schemaLocation="http://www.loc.gov/MARC21/slim http://www.loc.gov/standards/marcxml/schema/MARC21slim.xsd"
    xmlns="http://www.loc.gov/MARC21/slim">

  <leader>00486nam a2200193Ia 4500</leader>
  <controlfield tag="005">20240823055837.0</controlfield>
  <controlfield tag="008">240823s9999||||xx |||||||||||||| ||und||</controlfield>
  <datafield tag="020" ind1=" " ind2=" ">
    <subfield code="a">1-556-17080-7</subfield>
  </datafield>
  <datafield tag="041" ind1=" " ind2=" ">
    <subfield code="a">ENGLISH</subfield>
  </datafield>
  <datafield tag="082" ind1=" " ind2=" ">
    <subfield code="A">660.281 M8</subfield>
  </datafield>
  <datafield tag="100" ind1=" " ind2=" ">
    <subfield code="a">Paul W Murril</subfield>
  </datafield>
  <datafield tag="245" ind1=" " ind2="0">
    <subfield code="a">Application Concepts of Process Control</subfield>
  </datafield>
  <datafield tag="250" ind1=" " ind2=" ">
    <subfield code="a">I</subfield>
  </datafield>
  <datafield tag="260" ind1=" " ind2=" ">
    <subfield code="c">1988</subfield>
    <subfield code="b">Instrument Society of Am</subfield>
  </datafield>
  <datafield tag="500" ind1=" " ind2=" ">
    <subfield code="a">TRANSFERED</subfield>
  </datafield>
  <datafield tag="650" ind1=" " ind2=" ">
    <subfield code="a">Instrumentation</subfield>
    <subfield code="b">Instrumentation</subfield>
  </datafield>
  <datafield tag="942" ind1=" " ind2=" ">
    <subfield code="c">BK</subfield>
  </datafield>
  <datafield tag="952" ind1=" " ind2=" ">
    <subfield code="0">0</subfield>
    <subfield code="1">0</subfield>
    <subfield code="4">0</subfield>
    <subfield code="7">0</subfield>
    <subfield code="a">NICHELIB</subfield>
    <subfield code="b">NICHELIB</subfield>
    <subfield code="c">Instrumentation</subfield>
    <subfield code="d">2018-04-23</subfield>
    <subfield code="e">Del Net Book Xeox Copy</subfield>
    <subfield code="l">0</subfield>
    <subfield code="o">660.281 M8</subfield>
    <subfield code="p">78019</subfield>
    <subfield code="r">2024-08-23 05:58:37</subfield>
    <subfield code="w">2024-08-23</subfield>
    <subfield code="y">BK</subfield>
  </datafield>
  <datafield tag="999" ind1=" " ind2=" ">
    <subfield code="c">229732</subfield>
    <subfield code="d">229732</subfield>
  </datafield>
</record>
